000 00879nam a22002177a 4500
001 74560
003 BD-RjUL
005 20211209082553.0
008 181025s1973 bg ||||| |||| 00| 0 eng d
035 _a(BD-RjUL)74778
040 _aBD-RjUL
_bben
_cBD-RjUL
041 _aben
082 _a891.4408
_bTOM 1973
245 _aতোমার সাম্রাজ্যে, যুবরাজ /
_cসম্পাদনায় হায়াৎ মামুদ ও জ্যোতিপ্রকাশ দত্ত
300 _a৫৬৫ পৃ. ;
_c২৪ সেমি.
650 _aবাংলা সাহিত্য
_xসংগ্রহসমূহ
_9224219
650 _aBengali Literature
_xCollection
_9224220
700 _aমামুদ , হায়াৎ
_9224223
700 _aদত্ত, জ্যোতিপ্রকাশ
_9224224
942 _2ddc
_cBK
999 _c74560
_d74560